| 000 | 00613nam a22001937a 4500 | ||
|---|---|---|---|
| 003 | OSt | ||
| 005 | 20250714123059.0 | ||
| 008 | 250714b |||a|||| |||| 00| 0 spa d | ||
| 020 | _a9586168689 | ||
| 037 | _bDonación | ||
| 040 |
_aCO-JMCR _bspa _cCO-JMCR _dCO-JMCR _erda |
||
| 041 | 0 | _aspa | |
| 082 | 0 | 4 |
_a347.4 _bE74d _223 |
| 100 | 1 |
_aEscobar Escobar, José Fernando. _eautor _944223 |
|
| 245 | 1 | 0 |
_aDerecho de transporte terrestre / _cJosé Fernando Escobar Escobar. |
| 260 |
_aBogotá : _bUniversidad Externado de Colombia, _c©2004. |
||
| 300 |
_a336 páginas : _bilustraciones ; _c24 cm. |
||
| 942 |
_2ddc _cBK |
||
| 999 |
_c31046 _d17430 |
||